| 000 | 00597nam a22001937a 4500 | ||
|---|---|---|---|
| 003 | DO-CoUTE | ||
| 005 | 20260521123749.0 | ||
| 008 | 260521b dr ||||| |||| 00| 0 spa d | ||
| 040 |
_aDO-CoUTE _bspa _cDO-CoUTE |
||
| 082 | _aRD345.05Q85L | ||
| 100 | 1 |
_aQuiroz, Roberto _eAutor |
|
| 245 | 1 | 0 |
_aLitigación Penal Avanzada / _cRoberto Quiroz |
| 260 |
_aRepública Dominicana ; _bManati, _c2023 |
||
| 300 |
_a455 Paginas : _c23cm, |
||
| 504 | _aIncluye referencia bibliográfica e índice. | ||
| 650 | 4 | _aArgumentación Juridica | |
| 700 | 1 |
_aRoberto Quiroz _eAutor |
|
| 942 |
_2ddc _cBK |
||
| 999 |
_c24212 _d24212 |
||